000 00613nam a2200181 4500
001 131771
003 ES-MaACL
005 20231205205047.0
007 t|
008 070214s1948 sp r ||||1| spa d
245 0 0 _aFormulario clínico `Labor`
_b: guía terapéutica del bolsillo /
_cdirigida por Juan Rof Carballo ; con la colaboración de J. Escobar Bordoy [et. al.].
260 _aBarcelona :
_bLabor,
_c1948.
300 _a885 p. ;
_c16 cm.
700 1 _aRof Carballo, Juan,
_d1905-1994
_998915
700 1 _aEscobar Bordoy, J.
_947560
852 _aES-MaACL
_jA-5393
_bR.25292
999 _c131771
_d131771